000 00439nam a2200145Ia 4500
003 OSt
005 20260130150103.0
008 211028s2018 xx 000 0 und d
040 _cAIMIT LIBRARY
041 _aeng
100 _aXavier, Steffi S;Harinakshi.
_g1616202
_97954
245 _aStudy ontraining need analysis at ordnance factory Khamaria Jabalpur Madhya Pradesh /
260 _aMangalore
_bRayan D Souza
_c2018
942 _2ddc
_cPRO
999 _c219522
_d219522